Представление документа в формате RUSMARC

ПолеНазваниеЗначение
  Тип записи a
  Библиографический уровень m
001 Контрольный номер UONB/MAIN/c5676990e43d407f935266b4ab231507
005 Дата корректировки 20251115153621.5
010 Индекс ISBN __
d Цена 33 к.
9 Тираж 500 экз.
100 Данные общей обработки __
a Данные общей обработки 20230926d1972 m y0rusy0189 ca
101 Язык документа 0_
a Язык текста rus
102 Страна публикации __
a Страна публикации RU
105 Кодированные данные (монография) __
a Кодированные данные (монография) y z 000yy
200 Заглавие и сведения об ответственности 1_
a Заглавие Вып. 2
203 Вид содержания и тип средства __
a Вид содержания Текст
b Характеристика содержания визуальный
c Тип средства непосредственный
210 Выходные данные 1_
d Дата издания 1972
215 Физическое описание __
a Объем 87 с.
300 Общие примечания __
a Общие примечания Посвящается профессору И. А. Фомину
461 Уровень набора _0
1 2001
a Проблемы синтеза искусств и архитектуры
e темат. сборник науч. трудов
f Акад. художеств СССР, Ин-т живописи, скульптуры и архитектуры им. И.Е. Репина
v Вып. 2
1 2101
a Л.
c [б. и.]
d 1971-
1 001UONB/MAIN/19aae6a7954a4317b82605ca3a86d5e6
1 203
a Текст
b визуальный
c непосредственный
1 215
d 20 см
600 Персоналии _1
a Персоналии (Фамилия) Фомин
b Персоналии (Имя, инициалы) И. А.
g Полное имя Иван Александрович
606 Тематические рубрики 0_
a Основная рубрика Русская советская архитектура
j Формальный подзаголовок Сборники
606 Тематические рубрики 0_
a Основная рубрика Синтез искусств
j Формальный подзаголовок Сборники
610 Ключевые слова 0_
a Ключевые слова русская советская архитектура
610 Ключевые слова 0_
a Ключевые слова синтез искусств
610 Ключевые слова 0_
a Ключевые слова тематические сборники научных трудов
686 Индексы других классификаций __
a Классификационный индекс 85.11я43
2 Код системы rubbk
801 Источник записи _0
a Страна RU
b Организация Ульяновская ОНБ
c Дата составления 20230926
g Правила каталогизации RCR
801 Источник записи _1
a Страна RU
b Организация Ульяновская ОНБ
c Дата составления 20230926
g Правила каталогизации RCR
901 Тип документа __
t Тип документа n
w Контрольный № источника UONB/MAIN/19aae6a7954a4317b82605ca3a86d5e6
909 Создатель записи __
a Создатель записи Королева
b Дата создания записи 20230926